| 000 | 00536nam a22001817a 4500 | ||
|---|---|---|---|
| 003 | URS | ||
| 005 | 20220114171649.0 | ||
| 008 | 170328b xxu||||| |||| 00| 0 eng d | ||
| 020 | _a0028013069 | ||
| 050 |
_aTK7868 _bD5.R89 1993 |
||
| 100 |
_aRyan, Ray _4author |
||
| 245 |
_aDigital electronics _cRay Ryan , Lisa A. Doyle with contributions by Abraham I. Pallas |
||
| 260 |
_aNew York: _bGlencoe, _c1993 |
||
| 300 |
_axi, 276 pages; _c24 cm. |
||
| 700 |
_4author _aDoyle, Lisa A |
||
| 700 |
_4author _aPallas, Abraham |
||
| 942 |
_cFR _2lcc |
||
| 999 |
_c14434 _d14434 |
||